MDQL
is popping MORE tags! Check the
thread
!
Quizzes
Events
Quiz Creation
Community
Videos
Private Events
Remove Ads
Sign In
Join for FREE
Feedback
Dark Mode
Quiz Categories
Sports
Geography
Music
Movies
Television
Just For Fun
Miscellaneous
History
Literature
Language
Science
Gaming
Entertainment
Religion
Holiday
For Kids
Quiz Lab
Recent
Popular Today
Quiz Kudos Today
Editor Picks
Curator Picks
Quizzes by...
Day
Popularity
Type
Ratings
Length
Year
Community
Subscriptions
Recent Discussions
Orange Saloon
Badges
Playlists
Quests
Create
Leaderboards
Showdown
Live 5
Trivia Bingo
Activity
Puzzle Library
Sporcle Events
Private Events
Virtual Trivia
Globe League
Become a Host
Pub Owners
SporcleCon
Opinionation
Our Games
Videos
Blog
Mobile Apps
Partnerships
Remove Ads and Go Orange
Feedback
Sports
Athletes
MLB
NBA
NHL
NFL
Soccer
Sports Teams
WWE
NCAA
Football
Premier League
Basketball
Baseball
Hockey
Golf
Tennis
Cricket
Rugby
Auto Racing
Olympics
World Cup
Sports
Athletes
MLB
NBA
NHL
NFL
Soccer
Sports Teams
WWE
NCAA
Football
Premier League
Basketball
Baseball
Hockey
Golf
Tennis
Cricket
Rugby
Auto Racing
Olympics
World Cup
Random Quiz
Search Sporcle
×
Quiz Lab
Quiz Lab
Sports
Premier League
Type in answers that appear in a list
Type in answers that appear in a list
Classic
Best Score? Go Orange.
Top 31 Wolves Premier League Starters Stats
Can you name the Top 31 Wolves Premier League Starters?
By
BicycleStipe
10m
31 Questions
386 Plays
386 Plays
386 Plays
Comments
Comments
Give Quiz Kudos
Give Quiz Kudos
-
- Ratings
hide this ad
More Info
Replay
Link that replays current quiz
Next Quiz
Link to next quiz in quiz playlist
You Got
0%
They Got
Avg Score
65%
Avg Friend Score
Upgrade to see
Score Distribution
Jump to the score distribution portion of the page
Score
0/31
Timer
10:00
0
Plays Today
Starts
Player
% Correct
58
Kevin Doyle
90.7%
64
Matt Jarvis
87%
15
Steven Fletcher
85.8%
78
Jody Craddock
83.9%
37
Wayne Hennessey
81.9%
62
Karl Henry
79.3%
23
Sylvan Ebanks-Blake
78.2%
32
Paul Ince
75.1%
40
Stephen Ward
74.9%
40
George Elokobi
71.8%
64
Christophe Berra
71.2%
53
Kevin Foley
69.4%
27
David Jones
67.4%
39
Richard Stearman
67.1%
16
Paul Jones
67.1%
27
Alex Rae
66.3%
Starts
Player
% Correct
30
Denis Irwin
65.5%
14
Stephen Hunt
64%
17
Kenny Miller
63.2%
32
Nenad Milijas
58.5%
37
Ronald Zubar
58.3%
25
Colin Cameron
58.3%
28
David Edwards
57.3%
39
Marcus Hahnemann
54.9%
29
Henri Camara
53.1%
37
Paul Butler
52.1%
21
Michael Oakes
51.8%
28
Mark Kennedy
50.8%
37
Lee Naylor
50.3%
20
Shaun Newton
38.9%
35
Michael Mancienne
30.6%
Quiz Playlist
Details
Report
Send in Message
Add To Playlist
More Info:
Stats accurate as of the end of the 2010-2011 season.
Classic:
Type in answers that appear in a list
Quiz Source
Last Updated: Feb 16, 2017
Quiz Scoreboard
CHALLENGE
Sign Up to Join the Scoreboard
Show All
Scores
Hide
Comments
May contain spoilers
Recently Published
Holiday 10x10 Sorting Gallery
by lukepisani3
Holiday
15m
Two Season TV Shows II
by 123Four
Television
10m
Image Sorting: Flags VI
by Barbecue
Geography
2m
More to Explore
Quiz From the Vault
Featured Blog Post
14 Easter Pick-up Lines to Find Eggs With
hide this ad
You Might Also Like...
Tags
Premier League Quiz
League
League Starters
Player
Premier
start
Starter
Top 31
Today's Top Quizzes in Sports
Browse Sports
hide this ad
Today's Top Quizzes in Premier League
Browse Premier League
Top Contributed Quizzes in Sports
1
Les meilleurs buteurs des matchs entre le PSG et l’OM
2
Les entraîneurs de l'OM et du PSG au 21e siècle
3
2022 World Cup Stars
4
Players with Multiple 50 Home Run Seasons
5
Les joueurs passés par le PSG et l'OM
6
FIFA Club World Cup Champions
7
Top 10 NHL Goal Scorers of All Time
8
Criteria MLB: Left Handed Sluggers
9
Les joueurs passés par le LOSC et le RC Lens
10
2023 MLB Unique Player Accomplishments
Explore More
Trending Topics
Kpop
Disney
NBA
Anime
Marvel
Crossword
Harry Potter
Song
Puzzle
Pokémon
Country
The Office
Soccer
NFL
WWE
hide this ad
More By:
BicycleStipe
Quiz
Plays
Rating
Category
Featured
Created
Premier League Arsenal's Top Scorers
312,234
4.50
Sports
Oct 10, 2009
Premier League Chelsea's Top Scorers
186,165
4.02
Sports
Oct 11, 2009
Premier League Appearances (Arsenal)
120,240
4.35
Sports
Nov 4, 2009
Premier League Tottenham's Top Scorers
118,201
4.26
Sports
Nov 2, 2009
Premier League Manchester City Top Scorers
109,186
4.12
Sports
Nov 2, 2009
Go to Creator's Profile
Score Distribution
Quiz Creator Spotlight
BicycleStipe
Follow
Send a Message
Quizzes Created
-
Created Quiz Play Count
-
More By This Creator
Popular Quizzes Today
1
Find the US States - No Outlines Minefield
2
Colored Red Africa Blitz
3
Find the 'City' Movie
4
The Countries of the World
5
Find the US States
6
5x2 Blitz: Bands
7
Find the Countries of Europe - No Outlines Minefield
8
US States
More Sports Quizzes
NFL 30+ Receiving TDs, '00s & '10s
Published
Trending Quizzes
Colored Red Europe Blitz I
Colored Red Europe Blitz II
Colored Red Africa Blitz II
Colored Red Africa Blitz III
Colored Red Europe Blitz III
Recently Updated
Odd Team Out - Big 4 Players
pecheneg
Quick Pick: 20 Twenties
pecheneg
March Madness Men's Triple Doubles
pecheneg
How Do You Spell That?
pecheneg
Godzilla Movies
pecheneg
Grab Bag: 4-10 Letters
pecheneg
2024 March Madness Bracket
pecheneg
Famous TV Couples
Peacemaker
Champions League XIs: Real Madrid
pecheneg
Largest US Cities 1790-2010
pecheneg
Trending Topics
NBA
Kpop
Crossword
Harry Potter
Disney
Anime
Marvel
NFL
The Office
Country
Song
Pokémon
WWE
Puzzle
Soccer
Your Account Isn't Verified!
In order to create a playlist on Sporcle, you need to verify the email address you used during registration. Go to your
Sporcle Settings
to finish the process.
Report this User
Report this user for behavior that violates our
Community Guidelines
.
Details:
Send Report
Go to the Sporcle.com Mobile Site →
Comments